Catalog

Record Details

Catalog Search



Available copies

  • 1 of 1 copy available at LARL/NWRL Consortium.

Current holds

0 current holds with 1 total copy.

Show Only Available Copies
Location Call Number / Copy Notes Barcode Shelving Location Status Due Date
Karlstad LINK Site lp C GOY (Text) 35500006755209 Main Available -

Record details

  • ISBN: 9781638089933
  • ISBN: 1638089930
  • Physical Description: 568 pages (large print) ; 23 cm
  • Edition: Center Point Large Print edition.
  • Publisher: Thorndike, Maine : Center Point Large Print, 2024.

Content descriptions

General Note:
Regular print version previously published by WhiteFire Publishing.
Summary, etc.:
"Olivia Garza thrives in her unconventional, ... Read More
Subject: Women motion picture producers and directors > Fiction.
Princes > Fiction.
Man-woman relationships > Fiction.
Princesses > Europe > Fiction.
Women Nazi concentration camp inmates > Fiction.
World War, 1939-1945 > Fiction.
Large type books.
Little Rock (Ark.) > Fiction.
Genre: Christian fiction.
Romance fiction.
Historical fiction.
Large print books.
LDR 03054nam a2200505Mi 4500
001429880
003LARL_NWRL_CONSORTIUM
00520240116172928.0
008230906t20242023meu d 000 f eng d
007tb
010 . ‡a 2023946183
040 . ‡aCPLPT ‡beng ‡erda ‡cCPLPT
020 . ‡a9781638089933 ‡q(hardback : alk. paper)
020 . ‡a1638089930
035 . ‡a(OCoLC)1409785727
043 . ‡an-us-ar ‡ae------
08204. ‡a813.6 ‡223/eng/2019
1001 . ‡aGoyer, Tricia, ‡eauthor. ‡0(LARL_NWRL_CONSORTIUM)133209
24510. ‡aTrust the stars / ‡cTricia Goyer.
250 . ‡aCenter Point Large Print edition.
264 1. ‡aThorndike, Maine : ‡bCenter Point Large Print, ‡c2024.
264 4. ‡c©2023
300 . ‡a568 pages (large print) ; ‡c23 cm
336 . ‡atext ‡btxt ‡2rdacontent
337 . ‡aunmediated ‡bn ‡2rdamedia
338 . ‡avolume ‡bnc ‡2rdacarrier
340 . ‡nlarge print. ‡2rdafs
500 . ‡aRegular print version previously published by WhiteFire Publishing.
520 . ‡a"Olivia Garza thrives in her unconventional, service-oriented life. By day, she helps troubled teens in inner-city Little Rock . . . by night, she creates a viral web series when she tries to better understand her mother's desperate decisions by retracing her steps with a camera. So far, Olivia has always been the anonymous narrator, but she's promised to reveal herself in the last stop on her documentary: Kenya. Prince Louis, heir to the throne of the small European kingdom of Alloria, is in Kenya to run away from a broken heart -- and the media circus that comes with it. When he meets Olivia, they share a magical day on safari, but any dreams of happily ever after come crashing down with the flash of the paparazzi cameras, when Olivia realizes that he represents everything she most despises in the world. In World War II Rome, Princess Alessandra Appiani had her own life-changing choices to make. She could have chosen safety within the walls of the Vatican, but instead she risked her life to save Jewish children. When Olivia is hired to help create a documentary about Alessandra, learning about the sacrifice of a royal who goes from palace to prison forces her to face the hardest questions of all: Should she continue on the path she's carved for herself, or trust God to give her the future she never thought she wanted?"-- ‡cProvided by publisher.
650 0. ‡aWomen motion picture producers and directors ‡vFiction.
650 0. ‡aPrinces ‡vFiction. ‡0(LARL_NWRL_CONSORTIUM)166668
650 0. ‡aMan-woman relationships ‡vFiction. ‡0(LARL_NWRL_CONSORTIUM)165985
650 0. ‡aPrincesses ‡zEurope ‡vFiction.
650 0. ‡aWomen Nazi concentration camp inmates ‡vFiction.
650 0. ‡aWorld War, 1939-1945 ‡vFiction. ‡0(LARL_NWRL_CONSORTIUM)36331
650 0. ‡aLarge type books. ‡0(LARL_NWRL_CONSORTIUM)24284
651 0. ‡aLittle Rock (Ark.) ‡vFiction.
655 7. ‡aChristian fiction. ‡2lcgft
655 7. ‡aRomance fiction. ‡2lcgft
655 7. ‡aHistorical fiction. ‡2lcgft
655 7. ‡aLarge print books. ‡2lcgft
901 . ‡a429880 ‡bAUTOGEN ‡c429880 ‡tbiblio

Additional Resources